Представление документа в формате MARC21

ПолеНазваниеЗначение
  Тип записи m
  Библиографический уровень m
001 Контрольный номер 8979cc5097e54de380c3c422578a2034
005 Дата корректировки 20260610153413.3
041 Код языка издания 00
a Код языка текста rus
080 Индекс УДК 00
a Индекс УДК 796.864.015:159.9
090 Шифры __
x Авторский знак Л 670
c Каталожный индекс 796.864.015:159.9
100 Автор 10
a Автор Лишентьев Е.О.
q Полное имя Лишентьев Евгений Олегович
245 Заглавие 00
a Заглавие Методика формирования "чувства оружия" у фехтовальщиков-шпажистов
b Продолж. заглавия диссертация на соискание ученой степени кандидата педагогических наук : 13.00.04
c Ответственность Государственный институт физической культуры им. П.Ф. Лесгафта
256 Характеристики компьютерного файла __
a Характеристики компьютерного файла Электрон. текстовые дан. (1 файл : 9,38 МБ)
260 Выходные данные 00
a Место издания Санкт-Петербург
c Дата издания 1992
300 Физическое описание 00
a Объем Электрон. дан. (1 файл)
336 Вид содержания __
a Термин вида содержания Текст
337 Средство доступа __
a Термин типа средства электронный
500 Примечания __
a Примечание Режим доступа: локальная сеть библиотеки, ЭБ. - Загл. с титула экрана. - Электрон. копия печ. версии
650 Тематические рубрики 00
a Предметная рубрика ФИЗКУЛЬТУРА И СПОРТ; ЭЛЕКТРОННАЯ БИБЛИОТЕКА
650 Тематические рубрики 04
a Предметная рубрика ДИССЕРТАЦИИ
653 Ключевые слова 00
a Ключевые слова ФЕХТОВАНИЕ НА ШПАГАХ; МЕТОДИКА ТРЕНИРОВКИ
901 Тип документа __
t Тип документа r
952 Тип литературы __
a Тип литературы для КСУ ВШ ЭДН
999 Фонд __
a Фонд диссертации 2026 ЭР